Countries With the Most Emigrants - Statistics

General Stats
  • This quiz has been taken 36 times
  • The average score is 12 of 15
Answer Stats
Emigrants Country % Correct
11.7M China
100%
4.8M United Kingdom
100%
18.5M India
97%
6.9M Pakistan
94%
9.1M Russia
94%
9.8M Ukraine
87%
11.6M Mexico
81%
8.9M Syria
81%
4.8M Egypt
77%
8.7M Bangladesh
71%
7.5M Afghanistan
68%
7M Philippines
68%
8.3M Venezuela
58%
4.6M Poland
55%
4.6M Romania
42%
No matching quizzes found
Score Distribution
Percent of People with Each Score
Percentile by Number Answered
Your Score History
You have not taken this quiz